Comédies musicales françaises - Statistiques

Statistiques générales
  • Ce quiz a été pris 513 fois
  • Le résultat moyen est 11 sur 19
Statistiques - réponses
Hint Réponse % Correct
Dans quelle comédie musicale la chanson "Belle" est-elle un succès incontournable ? Notre-Dame de Paris
92%
Dans quelle comédie musicale retrouve-t-on la chanson "Tatoue-moi" ? Mozart, l'Opéra Rock
87%
Dans "1789, les Amants de la Bastille", quel événement historique sert de toile de fond à l’histoire ? La Révolution française
76%
Dans quelle comédie musicale retrouve-t-on la chanson "L'Envie d'aimer" ? Les Dix Commandements
76%
Dans quelle comédie musicale retrouve-t-on la célèbre chanson "Ziggy" ? Starmania
75%
Qui incarne Esmeralda dans la comédie musicale "Notre-Dame de Paris" ? Hélène Ségara
73%
Quelle chanson emblématique de "Roméo et Juliette" est un duo entre Roméo et Juliette ? Aimer
69%
Dans "La Légende du Roi Arthur", qui interprète le rôle du roi Arthur ? Florent Mothe
66%
Dans "Mozart, l’Opéra Rock", quel est le titre de la chanson interprétée par Florent Mothe dans le rôle d'Antonio Salieri ? L’Assasymphonie
62%
Quelle comédie musicale française est inspirée d’un célèbre roman d’Alexandre Dumas ? Les Trois Mousquetaires
61%
Dans "Le Roi Soleil", quelle est la chanson phare interprétée par Louis XIV lorsqu'il évoque ses doutes et ses responsabilités ? Être à la hauteur
60%
Qui interprète Guenièvre dans "La Légende du Roi Arthur" ? Camille Lou
57%
Qui est le producteur de la comédie musicale "Le Roi Soleil" ? Dove Attia
54%
Quel célèbre chorégraphe et metteur en scène a créé "Dracula, l'amour plus fort que la mort" ? Kamel Ouali
51%
Qui a joué le rôle principal de Cléopâtre dans la comédie musicale "Cléopâtre : La Dernière Reine d’Égypte" ? Sofia Essaïdi
49%
Qui a interprété le rôle de Mozart dans la comédie musicale "Mozart, l'Opéra Rock" ? Mikelangelo Loconte
31%
Dans "Mozart, l'Opéra Rock", qui joue le rôle de Nannerl, la sœur de Mozart ? Maeva Méline
20%
Dans "Robin des Bois", qui interprète le rôle de Marianne ? Stéphanie Bédard
13%
Dans "Cléopâtre", qui interprète César ? Christopher Stills
12%
Aucun quiz correspondant
Distribution des résultats
% des personnes avec chaque résultat
Percentile par nombre de réponses
Votre historique - résultats
Vous n’avez pas pris ce quiz